Legendary Deeds - Statistics

General Stats
  • This quiz has been taken 28,932 times
  • The average score is 10 of 20
Answer Stats
Deed Doer % Correct
Slew Goliath David
98%
Turned water into wine Jesus
90%
Pulled the sword from the stone King Arthur
83%
Slew the Hydra Hercules
71%
Traveled across America, planting apple trees wherever he went Johnny Appleseed
52%
Crossed the Rubicon Julius Caesar
52%
Killed Grendel Beowulf
49%
Threw a silver dollar across the Potomac River George Washington
46%
Rode naked through the streets of Coventry Lady Godiva
46%
Slew Medusa Perseus
46%
Slew an army with a donkey's jawbone - all thanks to fabulous hair Samson
45%
Slew the dragon with his lance St. George
43%
Chopped down an entire forest with one swing of his ax Paul Bunyan
41%
Cut the Gordian Knot Alexander the Great
37%
Slew the Minotaur Theseus
33%
This wrestler drank 119 beers in six hours Andre the Giant
31%
Counted to infinity - twice! Chuck Norris
27%
Shot 38 under par - the first time he played golf Kim Jong-Il
24%
Outwrestled a bear at age 3 Davy Crockett
23%
Bested a steam hammer in a steel-driving contest John Henry
22%
No matching quizzes found
Score Distribution
Percent of People with Each Score
Percentile by Number Answered
Your Score History
You have not taken this quiz